000 02378nam0a2200385 4500
001 RU\NLR\bibl\1741226
005 20180420151744.0
010 _a978-5-88313-714-2
_93000
021 _aRU
_b2011-6269
_9434
035 _a(NLR Aleph) 001732140
090 _a1406311
_c1406311
100 _a20110301d2010 d y0rusy50 ca
101 0 _arus
102 _aRU
105 _aa |||||||||
200 1 _aОсновы православной культуры
_iИстория Нового Завета
_iЗвезда Рождества
_eэкспериментальное учебное пособие для 6 класса общеобразовательных школ, лицеев и гимназий
_fН.В. Давыдова, Н.Н. Гатилова, архим. Зиновий (А.А. Корзинкин), В.М. Меньшиков
_g[науч. рук.: В.М. Меньшиков]
210 _aКурск
_cКурский государственный университет
_d2010
215 _a208 с.
_cцв. ил.
_d24
300 _aНа обл.: Звезда Рождества: основы православной культуры: 6 класс
500 1 0 _aБиблия
_iН.З.
_lПереработки
_92631446
_3RU\NLR\auth\559434
512 1 _aЗвезда Рождества
_eосновы православной культуры
_e6 класс
606 1 _aПравославная культура
_jУчебные издания для средней школы
_92326561
_3RU\NLR\auth\661391560
686 _aЭ372.24я72
701 0 _4070
_7ca
_8rus
_aЗиновий
_cКорзинкин, Анатолий Алексеевич
_cмитрополит Саранский и Мордовский
_f1948-
_9122387
_3RU\NLR\AUTH\7712676
701 1 _aГатилова
_bН. Н.
_gНаталья Николаевна
_4070
701 1 _aМеньшиков
_bВ. М.
_gВладимир Михайлович
_4070
701 1 _4070
_7ca
_8rus
_aДавыдова
_bН. В.
_cфилолог
_gНаталья Владимировна
_932294
_3RU\NLR\auth\7749359
702 1 _aМеньшиков
_bВ. М.
_gВладимир Михайлович
_4340
801 0 _aRU
_bNLR
_c20110301
_gRCR
801 1 _aRU
_bNLR
_c20110301
942 _cBOOK
980 _aNB